00579nam a22002057a 4500003000400000005001700004008004100021020001800062040003200080100001900112245009400131250001200225260003300237300001000270440002200280650001600302650001200318700002400330700001900354OSt20250902093833.0250902b ||||| |||| 00| 0 spa d a956-208-056-0 cBiblioteca Ernesto Sábato aBengoa, José aLa desigualdadb: testimonios de la sociedad chilena en la última década del siglo XX a2a. ed. aSantiago de ChilebSURc2000 a336 p aEstudios Sociales aDESIGUALDAD aPOBREZA aFrancisca Márquez aSusana Aravena